00579nam a2200193Ia 4500003000900000008004100009040001300050040001300063041000800076100001100084245004100095250001100136260001500147260000900162300000800171490000600179600019000185700001000375IT-RoPAU120407s9999 xx 000 0 und d aIT-RoPAU cIT-RoPAU aita aHoudry aProntuario del predicatore. 5 voll. aMilano aG. Daverio c1933 c cm v1 a"1. Argomenti morali. (A- D) 2. Argomenti morali. (E- O) 3. Argomenti morali. (P- Z) 4. Spiegazione del Vangelo. (parte I) 5. Spiegazione del Vangelo. (parte II) 18,5 cm." aPorra